01653nam a2200277Ia 450000500170000000800410001702000180005804000180007604100080009408200180010210000300012024501260015025000130027626000390028930000270032865000560035570000290041170000270044094200280046799900190049595201730051495201720068795201720085995201720103195201720120320220512155233.0210716s2019 xx 000 0 und d a9789353162399 cAIMIT LIBRARY aeng a382211bHILC aHill, Charles W.L.936468 aInternational business :bcompeting in the global marketplace /cBy Charles W.L. Hill; G.Thomas M.Hult and Rohit Mehtani. a11th ed. aNew Delhi :bMc Graw Hill ,c2019. axlv,835p. ;bPBc23cm. aNational differences in economic development936469 aHult, G Thomas M.936470 aMehtani, Rohit.936471 2ddccBKe11thk382 HILC c210929d210929 00102ddc40708MBAaAIMITbAIMITd2019-03-05g825.00iBill no:417; Bill dt:2019-02-27l10o382 HILCpMBA13497r2026-05-23 00:00:00s2026-04-10v660.00w2021-07-16yBK 00102ddc40708MBAaAIMITbAIMITd2019-03-05g825.00iBill no:417; Bill dt:2019-02-27l7o382 HILCpMBA13498r2026-05-23 00:00:00s2026-01-14v660.00w2021-07-16yBK 00102ddc40708MBAaAIMITbAIMITd2019-03-05g825.00iBill no:417; Bill dt:2019-02-27l6o382 HILCpMBA13499r2026-05-23 00:00:00s2025-03-26v660.00w2021-07-16yBK 00102ddc40708MBAaAIMITbAIMITd2019-03-05g825.00iBill no:417; Bill dt:2019-02-27l3o382 HILCpMBA13500r2026-05-23 00:00:00s2024-08-29v660.00w2021-07-16yBK 00102ddc40708MBAaAIMITbAIMITd2019-03-05g825.00iBill no:417; Bill dt:2019-02-27l9o382 HILCpMBA13501r2026-05-23 00:00:00s2026-03-27v660.00w2021-07-16yBK